000 00517 a2200157 4500
999 _c159
_d159
020 _a0534071821
050 _aBF637 REA 1987
100 _aReardon, Kathleen Kelley
_eauthor
245 _aInterpersonal communication :
_b where minds meet /
_c Kathleen K. Reardon
264 _aBelmont :
_bWadsworth Publishing,
_c1987
300 _axvi, 252p. :
_bill.
500 _aIncludes bibliographical references (pages 215-239)
650 _aInterpersonal communication
650 _aCommunication
942 _2lcc
_cBK
_h637
_iREA
_kBF